Statistics for NFL receivers with at least 10,000 receiving yards.

Click here to take the quiz!

General Stats

  • This quiz has been taken 1,105 times
    (370 since last reset)
  • The average score is 22 of 45

Answer Stats

Yards Player % Correct
22,8953 teams1985-2004Jerry Rice
99%
15,2925 teams1998-2010,2012Randy Moss
95%
10,2832 teams 2001-2014Santana Moss
93%
11,0592 teams2001-2011Chad Johnson
87%
15,5451 team2004-Larry Fitzgerald
87%
11,6191 team2007-2015Calvin Johnson
87%
14,1853 teams 2003-2016Andre Johnson
87%
10,5714 teams1996-2006Keyshawn Johnson
87%
14,9342 teams 1988-2004Tim Brown
81%
15,9345 teams1996-2010Terrell Owens
81%
14,5801 team 1996-2008Marvin Harrison
68%
14,7312 teams 2001-2016Steve Smith
66%
12,2872 teams 1992-1993, 1995-2005Jimmy Smith
65%
11,3891 team1995-2007Rod Smith
65%
14,3451 team 2001-2014Reggie Wayne
62%
15,1272 teams 1997-2013Tony Gonzalez
60%
13,8993 teams 1987-2002Cris Carter
57%
11,9041 team1988-1999Michael Irvin
57%
15,2082 teams 1994-2009Isaac Bruce
56%
13,0891 team 1976-1989Steve Largent
53%
13,3822 teams 1999-2009Torry Holt
53%
12,0831 team 1998-2011Hines Ward
46%
11,5081 team 2003-Antonio Gates
45%
13,1982 teams 1985-2000Andre Reed
42%
10,3726 teams 1968-1983Harold Jackson
42%
10,0602 teams1990-2003Shannon Sharpe
41%
12,4481 team 2003-2017Jason Witten
38%
10,8631 team2005-2015Roddy White
37%
13,7794 teams2003-2016Anquan Boldin
36%
10,1371 team1999-2012Donald Driver
35%
12,2156 teams 2006-Brandon Marshall
35%
12,7213 teams 1980-1995Art Monk
33%
14,0045 teams 1978-1993James Lofton
20%
10,2662 teams 1962-1972Lance Alworth
20%
12,0614 teams 1997-2011Derrick Mason
19%
10,8563 teams1985-1995Gary Clark
18%
10,2057 teams1989-2000Andre Rison
16%
11,3736 teams1991-2007Keenan McCardell
15%
13,7774 teams 1983-1998Henry Ellard
15%
11,8343 teams1958-1973Don Maynard
14%
12,7854 teams 1984-2000Irving Fryar
13%
11,4383 teams1996-2009Muhsin Muhammad
13%
12,1463 teams 1969-1986Charlie Joiner
12%
10,9506 teams1995-2010Joey Galloway
11%
10,7162 teams 1977-1990Stanley Morgan
10%

Score Distribution

Percentile by Number Answered

Percent of People with Each Score

Your Score History

You have not taken this quiz since the last reset